000 00489nam a22001817a 4500
005 20251108164222.0
008 250721s1982 xx 000 0 ara d
082 1 4 _a109/بره
100 1 _aبرهييه، إميل
245 1 0 _aتاريخ الفلسفة /
264 1 _aبيروت :
_bدار الطليعة،
_c1982.
300 _aج
650 1 7 _aالفلسفة
650 1 7 _aالتاريخ
700 1 _aطرابيشي، جورج
_eترجمة
942 _2ddc
_cBK
999 _c6664
_d6664